000 00389nam a22001577a 4500
005 20160518170908.0
008 160518b xxu||||| |||| 00| 0 eng d
041 _aeng
082 _b3080
100 _aSengupta N.N.
_9258
245 _aProduction and Operations Management
260 _aNew Delhi
_bVikash Publishing,
_c2009
300 _a408
650 _aManagement
_9241
942 _cBK
999 _c1052
_d1052